Operational Amplifiers And Linear Integrated Circuits (Record no. 295905)

MARC details
000 -LEADER
fixed length control field 00477nam a2200169Ia 4500
008 - FIXED-LENGTH DATA ELEMENTS--GENERAL INFORMATION
fixed length control field 230718s9999 xx 000 0 und d
041 ## - LANGUAGE CODE
Language code of text/sound track or separate title eng
082 ## - DEWEY DECIMAL CLASSIFICATION NUMBER
Classification number 621.3815
Item number COU
100 ## - MAIN ENTRY--PERSONAL NAME
Personal name Coughlin R.F.
9 (RLIN) 149564
245 ## - TITLE STATEMENT
Title Operational Amplifiers And Linear Integrated Circuits
250 ## - EDITION STATEMENT
Edition statement 4th ed.
260 ## - PUBLICATION, DISTRIBUTION, ETC. (IMPRINT)
Date of publication, distribution, etc. 1994
Name of publisher, distributor, etc. Prentice Hall Of India
300 ## - PHYSICAL DESCRIPTION
Extent 502
365 ## - TRADE PRICE
Currency code Rs.
Price amount 150.00
700 ## - ADDED ENTRY--PERSONAL NAME
Personal name Coughlin R.F. & Driscoll F.F.
906 ## - LOCAL DATA ELEMENT F, LDF (RLIN)
d B:171530-Jan-1997
c ETC
b 22.5
Holdings
Withdrawn status Lost status Damaged status Not for loan Home library Current library Date acquired Vendor Budget Code Cost, normal purchase price Bill number Total Checkouts Full call number Barcode Date last seen Discount Cost, replacement price Bill Date Koha item type Original Barcode
        Cummins College of Engineering for Women Pune Cummins College of Engineering for Women Pune 05/02/1997 Pradeep Book Distributors ETC 127.50 1715   621.3815 CCEP-BK-7111 18/07/2023 22.5 150.00 30/01/1997 Books 007111